000 00249nam a22001217a 4500
020 _a0-590-45260-6
082 _a821
_bPOE/2
245 _aTHE RAVEN & OTHER POEMS
260 _aUSA
_bSCHOLASTIC
300 _a73
650 _aPOETRY
_zUSA
942 _cBK
999 _c3887
_d3887